Statistiken für Sänger zu Lied #1

Klicken Sie hier um das Quiz zu spielen!

Allgemein

  • Dieses Quiz wurde 1.119 mal gespielt
  • Das Durchschnittsergebnis liegt bei 11 aus 18

Antwortstatistiken

LiedInterpret% Korrekt
HelloAdele
94%
Shape of youEd Sheeran
87%
Bad guyBillie Eilish
85%
Billie jeanMichael Jackson
82%
DiamondsRihanna
81%
Bohemian RhapsodyQueen
71%
What do you mean?Justin Bieber
68%
HavanaCamilla Cabello
64%
Lose YourselfEminem
60%
All of meJohn Legend
57%
YesterdayThe Beatles
51%
NumbLinkin Park
50%
Stay with meSam Smith
45%
In my bloodShawn Mendes
41%
Play with fireNico Santos
34%
CirclesPost Malone
34%
SuckerJonas Brothers
30%
Fly me to the moonFrank Sinatra
28%

Verteilung der Resultate

Perzentil nach korrekt beantworteten Fragen

Anzahl Personen mit jedem Resultat

Ihre Resultats-Entwicklung

Sie haben dieses Quiz noch nicht gespielt